000 00994nam a22002537a 4500
999 _c8298
_d8298
003 AR-CdUCM
008 190321b ||||| |||| 00| 0 spa d
040 _aMUNICIPALIDAD PROVINCIAL DEL CUSCO
_cBIBLIOTECA MUNICIPAL DEL CUSCO
082 _a985.008 /
_bC73
_21971
110 _aComisión nacional del Sesquicentenario de la Independencia del Perú
_923195
245 _aMemorias diarios y crónicas /
_cRecopilación y prólogo de Felix Denegri Luna
260 _aLima :
_bComisión nacional del Sesquicentenario de la Independencia del Perú,
_c1971.
300 _a4 volúmenes ;
_c24 cm.
440 _aColección documental de la independencia del Perú.
_921856
650 _aPerú colecciones
_921842
650 _aIndependencia peruana
_923196
650 _aEmancipación peruana
_915981
650 _aFuentes históricas
_95903
650 _aFuentes escritas
_92045
650 _aHistoria del Perú
_9259
700 _aDengri Luna, Felix
_923331
942 _2ddc
_cLIBROS
945 _arac